| 000 | 00781nam a2200229 i 4500 | ||
|---|---|---|---|
| 001 | bg | ||
| 100 | 1 | _aBĘZA, Stanisław | |
| 245 | 1 | 0 |
_aWie und warum? : _bgramatyka niemiecka dla szkoły podstawowej / _cStanisław Bęza, Barbara Wegner ; [konsultacja i kor. językowa Sabine Leitner]. |
| 260 |
_aWarszawa : _b"Poltext", _c2001. |
||
| 300 |
_a243 s. : _bil. ; _c24 cm. |
||
| 650 | 9 |
_aJęzyk niemiecki _xgramatyka |
|
| 655 | _aMateriały pomocnicze dla szkół | ||
| 700 | 1 | _aWEGNER, Barbara | |
| 020 | _a8388840061 | ||
| 040 | _cBPK | ||
| 041 | 0 | _agerpol | |
| 080 | _a811.112.2'36(075.2) | ||
| 920 | _a83-88840-06-1 | ||
| 942 | _cKS | ||
| 008 | s pl f |000 0 pol | ||
| 999 |
_c45056 _d45056 |
||